Normal view
MARC view
Entry Nombre personal
001 - NÚMERO DE CONTROL
- campo de control: 80524
003 - IDENTIFICADOR DEL NÚMERO DE CONTROL
- campo de control: DO-SdBNP
005 - FECHA Y HORA DE LA ÚLTIMA TRANSACCIÓN
- campo de control: 20211108142043.0
008 - DATOS DE LONGITUD FIJA
- campo de control de longitud fija: 211108|| aca||aabn | a|a d
040 ## - FUENTE DE LA CATALOGACIÓN
- Centro catalogador/agencia de origen: DO-SdBNP
- Centro/agencia transcriptor: DO-SdBNP
100 ## - ENCABEZAMIENTO-NOMBRE DE PERSONA
- Nombre de persona: Peralta Espinosa, María Victoria
- Título de la obra: Planificación
670 ## - FUENTE DE DATOS ENCONTRADOS
- Cita de la fuente: Work cat.: (DO-SdBNP)50878: Organización de Estados Iberoamericano para la educación, la ciencia y la cultura (OEI) República Dominicana 80498, Aprendiendo a educar mejor a niñas y niños pequeños : , [2020?].
